Industrial Relations and Labour Laws/ (Record no. 1715022)

MARC details
000 -LEADER
fixed length control field 00923nam a22002897a 4500
005 - DATE AND TIME OF LATEST TRANSACTION
control field 20260310113011.0
008 - FIXED-LENGTH DATA ELEMENTS--GENERAL INFORMATION
fixed length control field 260310b |||||||| |||| 00| 0 eng d
020 ## - INTERNATIONAL STANDARD BOOK NUMBER
International Standard Book Number 9789370631038
037 ## - SOURCE OF ACQUISITION
Terms of availability TB
040 ## - CATALOGING SOURCE
Original cataloging agency LCT
Transcribing agency LCT
041 ## - LANGUAGE CODE
Source of code eng
Language code of text/sound track or separate title eng
Language code of original eng
084 ## - COLON CLASSIFICATION NUMBER
Classification number X8(A):9:(Z) Q8;R6
100 ## - MAIN ENTRY--PERSONAL NAME
Personal name Srivastava, S C
9 (RLIN) 1131495
245 ## - TITLE STATEMENT
Title Industrial Relations and Labour Laws/
250 ## - EDITION STATEMENT
Edition statement 9th ed.
260 ## - PUBLICATION, DISTRIBUTION, ETC.
Place of publication, distribution, etc. Noida, Uttar Pradesh: Vikas Publishing House,
Name of publisher, distributor, etc. Vikas Publishing House,
Date of publication, distribution, etc. 2026
300 ## - PHYSICAL DESCRIPTION
Extent xlix, 797p.
365 ## - TRADE PRICE
Price amount 825
Currency code INR
650 ## - SUBJECT ADDED ENTRY--TOPICAL TERM
Topical term or geographic name entry element Labour Law
9 (RLIN) 809132
650 ## - SUBJECT ADDED ENTRY--TOPICAL TERM
Topical term or geographic name entry element Industrial Law
9 (RLIN) 809133
650 ## - SUBJECT ADDED ENTRY--TOPICAL TERM
Topical term or geographic name entry element Bonus Act
9 (RLIN) 809134
650 ## - SUBJECT ADDED ENTRY--TOPICAL TERM
Topical term or geographic name entry element Labour codes and industrial jurisprudence
9 (RLIN) 809183
650 ## - SUBJECT ADDED ENTRY--TOPICAL TERM
Topical term or geographic name entry element Labour legislation
9 (RLIN) 809184
650 ## - SUBJECT ADDED ENTRY--TOPICAL TERM
Topical term or geographic name entry element Trade Union
9 (RLIN) 809135
650 ## - SUBJECT ADDED ENTRY--TOPICAL TERM
Topical term or geographic name entry element Strikes and Lockouts
9 (RLIN) 780771
942 ## - ADDED ENTRY ELEMENTS (KOHA)
Source of classification or shelving scheme Colon Classification (CC)
Koha item type Textbook
Classification part X8(A):9:(Z) Q8;R6
Suppress in OPAC No
Holdings
Withdrawn status Lost status Source of classification or shelving scheme Damaged status Not for loan Collection Home library Current library Shelving location Date acquired Source of acquisition Cost, normal purchase price Inventory number Total Checkouts Full call number Barcode Date last seen Price effective from Koha item type
    Colon Classification (CC)     Non-fiction Law Centre-II Library Law Centre-II Library General Stacks 2025-12-04 Global Informatics Solutions, Delhi 825.00 220/04.12.2025   X8(A):9:(Z) Q8;R6 LT0029363 2026-03-10 2026-03-10 Textbook
    Colon Classification (CC)     Non-fiction Law Centre-II Library Law Centre-II Library General Stacks 2025-12-04 Global Informatics Solutions, Delhi 825.00 220/04.12.2025   X8(A):9:(Z) Q8;R6 LT0029364 2026-03-10 2026-03-10 Textbook
    Colon Classification (CC)     Non-fiction Law Centre-II Library Law Centre-II Library General Stacks 2025-12-04 Global Informatics Solutions, Delhi 825.00 220/04.12.2025   X8(A):9:(Z) Q8;R6 LT0029365 2026-03-10 2026-03-10 Textbook
    Colon Classification (CC)     Non-fiction Law Centre-II Library Law Centre-II Library General Stacks 2025-12-04 Global Informatics Solutions, Delhi 825.00 220/04.12.2025   X8(A):9:(Z) Q8;R6 LT0029366 2026-03-10 2026-03-10 Textbook
    Colon Classification (CC)     Non-fiction Law Centre-II Library Law Centre-II Library General Stacks 2025-12-04 Global Informatics Solutions, Delhi 825.00 220/04.12.2025   X8(A):9:(Z) Q8;R6 LT0029367 2026-03-10 2026-03-10 Textbook
Copyright @ Delhi University Library System